[Event "DEM U12 2021"]
[Site "Willingen GER"]
[Date "2021.08.28"]
[Round "8"]
[White "Kullmann, Max"]
[Black "Wunderlich, Elias"]
[Result "0-1"]
[Termination "normal"]
[Board "10"]
[WhiteElo "1411"]
[BlackElo "1657"]
[WhiteClock "00:00:53"]
[BlackClock "00:57:59"]
[PlyCount "66"]
[WhiteFideId "16218574"]
[BlackFideId "34608087"]
[EventCountry "GER"]
[EventRounds "9"]
[EventType "swiss"]
[EventDate "2021.08.22"]

1. d4 {[%emt 00:00:10]} d5 {[%clk 01:30:53]} 2. c4 {[%clk 01:31:21]} {[%emt
00:00:06]} e6 {[%clk 01:31:20]} {[%emt 00:00:04]} 3. Nc3 {[%clk 01:31:46]}
{[%emt 00:00:04]} Nf6 {[%clk 01:31:46]} {[%emt 00:00:05]} 4. Nf3 {[%clk
01:32:07]} {[%emt 00:00:08]} Be7 {[%clk 01:32:12]} {[%emt 00:00:04]} 5. Bg5
{[%clk 01:32:31]} {[%emt 00:00:07]} h6 {[%clk 01:32:29]} {[%emt 00:00:12]} 6.
Bh4 {[%clk 01:32:29]} {[%emt 00:00:32]} O-O {[%clk 01:31:40]} {[%emt 00:01:19]}
7. e3 {[%clk 01:32:24]} {[%emt 00:00:34]} b6 {[%clk 01:31:24]} {[%emt
00:00:48]} 8. cxd5 {[%clk 01:32:12]} {[%emt 00:00:41]} Nxd5 {[%clk 01:31:23]}
{[%emt 00:00:31]} 9. Bxe7 {[%clk 01:31:45]} {[%emt 00:00:57]} Qxe7 {[%clk
01:31:13]} {[%emt 00:00:41]} 10. Nxd5 {[%clk 01:31:38]} {[%emt 00:00:36]} exd5
{[%clk 01:31:27]} {[%emt 00:00:15]} 11. Rc1 {[%clk 01:30:05]} {[%emt 00:02:04]}
Bb7 {[%clk 01:28:12]} {[%emt 00:03:46]} 12. Bd3 {[%clk 01:23:50]} {[%emt
00:06:44]} c5 {[%clk 01:27:07]} {[%emt 00:01:34]} 13. O-O {[%clk 01:20:22]}
{[%emt 00:03:59]} Nd7 {[%clk 01:25:01]} {[%emt 00:02:37]} 14. Re1 {[%clk
01:14:01]} {[%emt 00:06:50]} Rfe8 {[%clk 01:23:42]} {[%emt 00:01:48]} 15. Bb5
{[%clk 00:58:47]} {[%emt 00:15:45]} Red8 {[%clk 01:21:10]} {[%emt 00:03:02]}
16. Qa4 {[%clk 00:48:40]} {[%emt 00:10:37]} a6 {[%clk 01:17:03]} {[%emt
00:04:37]} 17. Bxd7 {[%clk 00:43:48]} {[%emt 00:05:23]} Rxd7 {[%clk 01:17:02]}
{[%emt 00:00:30]} 18. Ne5 {[%clk 00:43:38]} {[%emt 00:00:40]} Rc7 {[%clk
01:16:42]} {[%emt 00:00:51]} 19. Qb3 {[%clk 00:39:10]} {[%emt 00:04:58]} b5
{[%clk 01:16:00]} {[%emt 00:01:12]} 20. Qc2 {[%clk 00:33:24]} {[%emt 00:06:14]}
Rac8 {[%clk 01:14:22]} {[%emt 00:02:08]} 21. Qd2 {[%clk 00:28:50]} {[%emt
00:05:05]} c4 {[%clk 01:12:27]} {[%emt 00:02:26]} 22. Qa5 {[%clk 00:22:09]}
{[%emt 00:07:11]} Qd6 {[%clk 01:09:10]} {[%emt 00:03:45]} 23. Re2 {[%clk
00:16:08]} {[%emt 00:06:32]} f6 {[%clk 01:04:44]} {[%emt 00:04:56]} 24. Nf3
{[%clk 00:12:19]} {[%emt 00:04:19]} b4 {[%clk 01:03:43]} {[%emt 00:01:31]} 25.
Rec2 {[%clk 00:10:32]} {[%emt 00:02:17]} Rc6 {[%clk 01:01:53]} {[%emt
00:02:20]} 26. Nd2 {[%clk 00:04:45]} {[%emt 00:06:17]} Rb6 {[%clk 01:00:32]}
{[%emt 00:01:51]} 27. Nb3 {[%clk 00:01:21]} {[%emt 00:03:54]} Rb5 {[%clk
01:00:30]} {[%emt 00:00:33]} 28. Qa4 {[%clk 00:01:28]} {[%emt 00:00:22]} Bc6
{[%clk 01:00:25]} {[%emt 00:00:36]} 29. Na5 {[%clk 00:01:45]} {[%emt 00:00:12]}
Bd7 {[%clk 00:58:54]} {[%emt 00:02:01]} 30. Re2 {[%clk 00:01:20]} {[%emt
00:00:55]} Qb6 {[%clk 00:57:33]} {[%emt 00:01:51]} 31. Rd2 {[%clk 00:00:35]}
{[%emt 00:01:15]} Qxa5 {[%clk 00:57:38]} {[%emt 00:00:24]} 32. Qxa5 {[%clk
00:00:34]} {[%emt 00:00:31]} Rxa5 {[%clk 00:57:54]} {[%emt 00:00:15]} 33. b3
{[%clk 00:00:53]} {[%emt 00:00:11]} c3 {[%clk 00:57:59]} {[%emt 00:00:24]} 0-1

[Event "DEM U12 2021"]
[Site "Willingen GER"]
[Date "2021.08.28"]
[Round "8"]
[White "Uyar, Levin"]
[Black "Aniol, Nico"]
[Result "1/2-1/2"]
[Termination "normal"]
[Board "11"]
[WhiteElo "1048"]
[BlackElo "1448"]
[WhiteClock "00:33:57"]
[BlackClock "00:12:30"]
[PlyCount "108"]
[WhiteFideId "16282108"]
[BlackFideId "16287096"]
[EventCountry "GER"]
[EventRounds "9"]
[EventType "swiss"]
[EventDate "2021.08.22"]

1. e4 {[%clk 01:30:56]} {[%emt 00:00:03]} c5 {[%clk 01:30:50]} {[%emt
00:00:11]} 2. Nf3 {[%clk 01:31:05]} {[%emt 00:00:20]} Nc6 {[%clk 01:30:51]}
{[%emt 00:00:29]} 3. d4 {[%clk 01:31:21]} {[%emt 00:00:14]} cxd4 {[%clk
01:31:03]} {[%emt 00:00:18]} 4. Nxd4 {[%clk 01:31:36]} {[%emt 00:00:14]} e5
{[%clk 01:31:02]} {[%emt 00:00:32]} 5. Nb5 {[%clk 01:31:58]} {[%emt 00:00:08]}
d6 {[%clk 01:31:12]} {[%emt 00:00:19]} 6. a4 {[%clk 01:30:50]} {[%emt
00:01:38]} Be6 {[%clk 01:26:03]} {[%emt 00:05:40]} 7. N1c3 {[%clk 01:30:57]}
{[%emt 00:00:23]} a6 {[%clk 01:26:19]} {[%emt 00:00:14]} 8. Na3 {[%clk
01:31:21]} {[%emt 00:00:05]} Nge7 {[%clk 01:19:47]} {[%emt 00:07:03]} 9. Bc4
{[%clk 01:29:04]} {[%emt 00:02:47]} Ng6 {[%clk 01:14:55]} {[%emt 00:05:22]} 10.
Nd5 {[%clk 01:28:05]} {[%emt 00:01:29]} Be7 {[%clk 01:14:07]} {[%emt 00:01:18]}
11. Be3 {[%clk 01:27:18]} {[%emt 00:01:17]} Bxd5 {[%clk 01:12:03]} {[%emt
00:02:35]} 12. Bxd5 {[%clk 01:27:19]} {[%emt 00:00:28]} O-O {[%clk 01:08:20]}
{[%emt 00:04:12]} 13. O-O {[%clk 01:26:37]} {[%emt 00:01:12]} Nf4 {[%clk
00:48:05]} {[%emt 00:20:46]} 14. Bxf4 {[%clk 01:21:20]} {[%emt 00:05:47]} exf4
{[%clk 00:48:29]} {[%emt 00:00:06]} 15. c3 {[%clk 01:20:54]} {[%emt 00:00:57]}
Bf6 {[%clk 00:47:21]} {[%emt 00:01:37]} 16. Nc4 {[%clk 01:20:25]} {[%emt
00:00:58]} Be5 {[%clk 00:46:17]} {[%emt 00:01:35]} 17. a5 {[%clk 01:20:17]}
{[%emt 00:00:38]} Qc7 {[%clk 00:44:03]} {[%emt 00:02:44]} 18. Nb6 {[%clk
01:16:17]} {[%emt 00:04:30]} Rad8 {[%clk 00:44:19]} {[%emt 00:00:14]} 19. Bb3
{[%clk 01:15:54]} {[%emt 00:00:54]} Nxa5 {[%clk 00:42:22]} {[%emt 00:02:26]}
20. Nd5 {[%clk 01:08:06]} {[%emt 00:08:18]} Qc5 {[%clk 00:40:21]} {[%emt
00:02:30]} 21. Bc2 {[%clk 01:06:23]} {[%emt 00:02:14]} Nc6 {[%clk 00:37:48]}
{[%emt 00:03:04]} 22. Qg4 {[%clk 01:05:53]} {[%emt 00:00:55]} a5 {[%clk
00:28:24]} {[%emt 00:09:59]} 23. Rac1 {[%clk 01:04:15]} {[%emt 00:02:07]} b5
{[%clk 00:25:17]} {[%emt 00:03:36]} 24. Nxf4 {[%clk 00:48:36]} {[%emt
00:16:08]} Bxf4 {[%clk 00:23:55]} {[%emt 00:01:55]} 25. Qxf4 {[%clk 00:48:52]}
{[%emt 00:00:12]} Qe5 {[%clk 00:22:03]} {[%emt 00:02:23]} 26. Qe3 {[%clk
00:47:41]} {[%emt 00:01:40]} Rfe8 {[%clk 00:22:00]} {[%emt 00:00:34]} 27. Rcd1
{[%clk 00:45:44]} {[%emt 00:02:26]} Qc5 {[%clk 00:20:38]} {[%emt 00:01:53]} 28.
Qf4 {[%clk 00:38:23]} {[%emt 00:07:45]} Qe5 {[%clk 00:19:30]} {[%emt 00:01:44]}
29. Qd2 {[%clk 00:37:17]} {[%emt 00:01:09]} Qc5 {[%clk 00:15:17]} {[%emt
00:05:10]} 30. Qd5 {[%clk 00:37:10]} {[%emt 00:00:35]} Re5 {[%clk 00:15:09]}
{[%emt 00:00:40]} 31. Qxc5 {[%clk 00:37:31]} {[%emt 00:00:09]} Rxc5 {[%clk
00:14:35]} {[%emt 00:01:04]} 32. Rd2 {[%clk 00:36:48]} {[%emt 00:01:13]} Ne5
{[%clk 00:14:06]} {[%emt 00:00:59]} 33. Bb3 {[%clk 00:36:42]} {[%emt 00:00:36]}
Nc4 {[%clk 00:13:07]} {[%emt 00:01:29]} 34. Bxc4 {[%clk 00:37:01]} {[%emt
00:00:11]} Rxc4 {[%clk 00:13:35]} {[%emt 00:00:02]} 35. f3 {[%clk 00:37:21]}
{[%emt 00:00:10]} b4 {[%clk 00:12:43]} {[%emt 00:01:22]} 36. cxb4 {[%clk
00:37:11]} {[%emt 00:00:39]} Rxb4 {[%clk 00:13:02]} {[%emt 00:00:11]} 37. Rfd1
{[%clk 00:37:33]} {[%emt 00:00:09]} Kf8 {[%clk 00:12:50]} {[%emt 00:00:42]} 38.
e5 {[%clk 00:37:38]} {[%emt 00:00:21]} d5 {[%clk 00:12:23]} {[%emt 00:01:02]}
39. Rxd5 {[%clk 00:37:56]} {[%emt 00:00:10]} Rxd5 {[%clk 00:12:49]} {[%emt
00:00:04]} 40. Rxd5 {[%clk 00:38:21]} {[%emt 00:00:06]} Rxb2 {[%clk 00:12:40]}
{[%emt 00:00:39]} 41. Rxa5 {[%clk 00:38:13]} {[%emt 00:00:38]} Ke7 {[%clk
00:12:59]} {[%emt 00:00:10]} 42. f4 {[%clk 00:38:38]} {[%emt 00:00:06]} g6
{[%clk 00:12:08]} {[%emt 00:01:22]} 43. g3 {[%clk 00:38:55]} {[%emt 00:00:12]}
h5 {[%clk 00:12:03]} {[%emt 00:00:35]} 44. Ra3 {[%clk 00:38:53]} {[%emt
00:00:28]} Rc2 {[%clk 00:11:44]} {[%emt 00:00:53]} 45. Rf3 {[%clk 00:37:25]}
{[%emt 00:01:57]} Ke6 {[%clk 00:12:05]} {[%emt 00:00:10]} 46. Rf2 {[%clk
00:37:46]} {[%emt 00:00:07]} Rc3 {[%clk 00:12:12]} {[%emt 00:00:24]} 47. Kg2
{[%clk 00:38:07]} {[%emt 00:00:09]} Kf5 {[%clk 00:12:15]} {[%emt 00:00:27]} 48.
Kh3 {[%clk 00:38:11]} {[%emt 00:00:23]} f6 {[%clk 00:11:33]} {[%emt 00:01:16]}
49. exf6 {[%clk 00:37:49]} {[%emt 00:00:51]} Kxf6 {[%clk 00:11:55]} {[%emt
00:00:09]} 50. Kh4 {[%clk 00:37:57]} {[%emt 00:00:21]} Rc4 {[%clk 00:11:44]}
{[%emt 00:00:43]} 51. g4 {[%clk 00:34:23]} {[%emt 00:04:03]} hxg4 {[%clk
00:11:42]} {[%emt 00:00:31]} 52. Kxg4 {[%clk 00:34:44]} {[%emt 00:00:10]} g5
{[%clk 00:11:38]} {[%emt 00:00:34]} 53. h3 {[%clk 00:33:34]} {[%emt 00:01:38]}
Rxf4+ {[%clk 00:12:04]} {[%emt 00:00:05]} 54. Rxf4+ {[%clk 00:33:57]} {[%emt
00:00:08]} gxf4 {[%clk 00:12:30]} {[%emt 00:00:04]} 1/2-1/2

[Event "DEM U12 2021"]
[Site "Willingen GER"]
[Date "2021.08.28"]
[Round "8"]
[White "Schuricht, Emil Frederick"]
[Black "Herrmann, Jakob"]
[Result "1/2-1/2"]
[Termination "normal"]
[Board "12"]
[WhiteElo "1422"]
[BlackElo "1531"]
[WhiteClock "00:05:28"]
[BlackClock "00:04:10"]
[PlyCount "137"]
[WhiteFideId "16270185"]
[BlackFideId "16287169"]
[EventCountry "GER"]
[EventRounds "9"]
[EventType "swiss"]
[EventDate "2021.08.22"]

1. d4 {[%clk 01:30:58]} {[%emt 00:00:01]} Nf6 {[%clk 01:30:56]} {[%emt
00:00:05]} 2. c4 {[%clk 01:31:24]} {[%emt 00:00:03]} g6 {[%clk 01:31:22]}
{[%emt 00:00:04]} 3. Nc3 {[%clk 01:31:51]} {[%emt 00:00:04]} Bg7 {[%clk
01:31:50]} {[%emt 00:00:02]} 4. e4 {[%clk 01:32:14]} {[%emt 00:00:06]} d6
{[%clk 01:32:15]} {[%emt 00:00:06]} 5. f3 {[%clk 01:32:37]} {[%emt 00:00:06]}
O-O {[%clk 01:32:30]} {[%emt 00:00:15]} 6. Be3 {[%clk 01:32:56]} {[%emt
00:00:11]} a6 {[%clk 01:31:58]} {[%emt 00:01:04]} 7. Qd2 {[%clk 01:31:35]}
{[%emt 00:01:50]} c6 {[%clk 01:31:31]} {[%emt 00:00:56]} 8. a4 {[%clk
01:30:02]} {[%emt 00:02:02]} a5 {[%clk 01:30:48]} {[%emt 00:01:15]} 9. Nge2
{[%clk 01:28:59]} {[%emt 00:01:32]} Na6 {[%clk 01:26:37]} {[%emt 00:04:42]} 10.
g4 {[%clk 01:19:55]} {[%emt 00:09:33]} e5 {[%clk 01:18:00]} {[%emt 00:09:07]}
11. d5 {[%clk 01:19:37]} {[%emt 00:00:48]} cxd5 {[%clk 01:14:34]} {[%emt
00:03:56]} 12. Nxd5 {[%clk 01:18:12]} {[%emt 00:01:54]} Nxd5 {[%clk 01:06:35]}
{[%emt 00:08:31]} 13. Qxd5 {[%clk 01:11:27]} {[%emt 00:07:14]} Nb4 {[%clk
01:05:40]} {[%emt 00:01:25]} 14. Qd2 {[%clk 01:11:36]} {[%emt 00:00:21]} Be6
{[%clk 01:05:05]} {[%emt 00:01:05]} 15. Nc3 {[%clk 01:10:55]} {[%emt 00:01:11]}
Rc8 {[%clk 01:04:28]} {[%emt 00:01:07]} 16. b3 {[%clk 01:10:00]} {[%emt
00:01:25]} Qh4+ {[%clk 01:00:52]} {[%emt 00:04:06]} 17. Bf2 {[%clk 01:09:53]}
{[%emt 00:00:37]} Qf6 {[%clk 01:01:06]} {[%emt 00:00:17]} 18. Be2 {[%clk
01:05:54]} {[%emt 00:04:29]} Qf4 {[%clk 00:59:19]} {[%emt 00:02:17]} 19. Rd1
{[%clk 00:54:06]} {[%emt 00:12:17]} Qxd2+ {[%clk 00:53:12]} {[%emt 00:06:37]}
20. Rxd2 {[%clk 00:54:08]} {[%emt 00:00:27]} Rc6 {[%clk 00:42:49]} {[%emt
00:10:54]} 21. Be3 {[%clk 00:50:18]} {[%emt 00:04:20]} Na6 {[%clk 00:28:12]}
{[%emt 00:15:07]} 22. O-O {[%clk 00:39:23]} {[%emt 00:11:24]} Nc5 {[%clk
00:25:19]} {[%emt 00:03:25]} 23. Bd1 {[%clk 00:36:38]} {[%emt 00:03:14]} Ra8
{[%clk 00:19:36]} {[%emt 00:06:13]} 24. Nb5 {[%clk 00:30:32]} {[%emt 00:06:36]}
Bf8 {[%clk 00:17:58]} {[%emt 00:02:08]} 25. Bc2 {[%clk 00:27:49]} {[%emt
00:03:13]} Raa6 {[%clk 00:17:06]} {[%emt 00:01:22]} 26. g5 {[%clk 00:26:27]}
{[%emt 00:01:52]} Bh3 {[%clk 00:14:11]} {[%emt 00:03:24]} 27. Rfd1 {[%clk
00:26:17]} {[%emt 00:00:41]} Ne6 {[%clk 00:12:23]} {[%emt 00:02:17]} 28. Kf2
{[%clk 00:24:42]} {[%emt 00:02:05]} Nc5 {[%clk 00:08:49]} {[%emt 00:04:05]} 29.
Kg3 {[%clk 00:23:29]} {[%emt 00:01:43]} Be6 {[%clk 00:07:43]} {[%emt 00:01:36]}
30. h4 {[%clk 00:20:28]} {[%emt 00:03:31]} Kg7 {[%clk 00:06:44]} {[%emt
00:01:29]} 31. Rh2 {[%clk 00:19:03]} {[%emt 00:01:55]} f5 {[%clk 00:04:51]}
{[%emt 00:02:23]} 32. gxf6+ {[%clk 00:18:32]} {[%emt 00:01:01]} Kxf6 {[%clk
00:05:18]} {[%emt 00:00:04]} 33. Rdh1 {[%clk 00:16:46]} {[%emt 00:02:16]} Be7
{[%clk 00:04:49]} {[%emt 00:00:59]} 34. Rd2 {[%clk 00:14:03]} {[%emt 00:03:11]}
b6 {[%clk 00:04:48]} {[%emt 00:00:32]} 35. Rhd1 {[%clk 00:13:51]} {[%emt
00:00:42]} Nb7 {[%clk 00:05:11]} {[%emt 00:00:07]} 36. Bd3 {[%clk 00:10:26]}
{[%emt 00:03:55]} Nc5 {[%clk 00:05:00]} {[%emt 00:00:41]} 37. Rb1 {[%clk
00:09:28]} {[%emt 00:01:28]} Ra8 {[%clk 00:04:55]} {[%emt 00:00:35]} 38. Bf1
{[%clk 00:09:36]} {[%emt 00:00:21]} Rf8 {[%clk 00:04:58]} {[%emt 00:00:29]} 39.
Bh3 {[%clk 00:09:07]} {[%emt 00:00:58]} Bxh3 {[%clk 00:05:07]} {[%emt
00:00:20]} 40. Kxh3 {[%clk 00:09:27]} {[%emt 00:00:11]} Ke6 {[%clk 00:05:13]}
{[%emt 00:00:25]} 41. Kg3 {[%clk 00:05:52]} {[%emt 00:04:03]} h5 {[%clk
00:01:07]} {[%emt 00:04:38]} 42. Nc3 {[%clk 00:00:40]} {[%emt 00:05:40]} Rf7
{[%clk 00:28:04]} {[%emt 00:03:34]} 43. Nd5 {[%clk 00:28:44]} {[%emt 00:02:27]}
Bd8 {[%clk 00:28:25]} {[%emt 00:00:08]} 44. Nc3 {[%clk 00:17:13]} {[%emt
00:12:01]} Rf8 {[%clk 00:28:40]} {[%emt 00:00:15]} 45. Nb5 {[%clk 00:16:22]}
{[%emt 00:01:21]} Be7 {[%clk 00:28:00]} {[%emt 00:01:11]} 46. Na3 {[%clk
00:15:46]} {[%emt 00:01:05]} Rf7 {[%clk 00:28:05]} {[%emt 00:00:25]} 47. Nc2
{[%clk 00:16:03]} {[%emt 00:00:13]} Rf8 {[%clk 00:26:57]} {[%emt 00:01:38]} 48.
Ne1 {[%clk 00:13:38]} {[%emt 00:02:54]} Rf7 {[%clk 00:24:46]} {[%emt 00:02:42]}
49. Nd3 {[%clk 00:13:06]} {[%emt 00:01:02]} Nxd3 {[%clk 00:25:13]} {[%emt
00:00:03]} 50. Rxd3 {[%clk 00:13:23]} {[%emt 00:00:12]} Bd8 {[%clk 00:25:22]}
{[%emt 00:00:22]} 51. Rd5 {[%clk 00:13:28]} {[%emt 00:00:25]} Rf8 {[%clk
00:25:03]} {[%emt 00:00:49]} 52. Rb2 {[%clk 00:12:49]} {[%emt 00:01:09]} Rf7
{[%clk 00:25:15]} {[%emt 00:00:18]} 53. Rb5 {[%clk 00:11:51]} {[%emt 00:01:28]}
Rc5 {[%clk 00:20:07]} {[%emt 00:05:38]} 54. Rxc5 {[%clk 00:07:30]} {[%emt
00:04:51]} dxc5 {[%clk 00:20:26]} {[%emt 00:00:11]} 55. Rd2 {[%clk 00:06:47]}
{[%emt 00:01:12]} Rd7 {[%clk 00:20:00]} {[%emt 00:00:57]} 56. Rd5 {[%clk
00:06:41]} {[%emt 00:00:36]} Bc7 {[%clk 00:15:10]} {[%emt 00:05:20]} 57. Bg5
{[%clk 00:06:19]} {[%emt 00:00:51]} Bd6 {[%clk 00:11:33]} {[%emt 00:04:08]} 58.
Kf2 {[%clk 00:04:30]} {[%emt 00:02:19]} Rb7 {[%clk 00:09:45]} {[%emt 00:02:18]}
59. Ke3 {[%clk 00:04:35]} {[%emt 00:00:25]} Be7 {[%clk 00:03:39]} {[%emt
00:06:37]} 60. Bxe7 {[%clk 00:04:38]} {[%emt 00:00:26]} Rxe7 {[%clk 00:04:08]}
61. Rd8 {[%clk 00:04:30]} {[%emt 00:00:38]} Rb7 {[%clk 00:03:15]} {[%emt
00:01:23]} 62. Re8+ {[%clk 00:04:28]} {[%emt 00:00:33]} Kf6 {[%clk 00:03:39]}
{[%emt 00:00:06]} 63. Rf8+ {[%clk 00:04:24]} {[%emt 00:00:34]} Ke7 {[%clk
00:03:51]} {[%emt 00:00:19]} 64. Rg8 {[%clk 00:04:40]} {[%emt 00:00:14]} Kf7
{[%clk 00:04:16]} {[%emt 00:00:05]} 65. Rd8 {[%clk 00:05:00]} {[%emt 00:00:09]}
Ke7 {[%clk 00:04:18]} {[%emt 00:00:29]} 66. Rd1 {[%clk 00:05:10]} {[%emt
00:00:17]} Ke6 {[%clk 00:03:23]} {[%emt 00:01:27]} 67. Rd8 {[%clk 00:04:55]}
{[%emt 00:00:45]} Ke7 {[%clk 00:03:45]} {[%emt 00:00:08]} 68. Rd5 {[%clk
00:05:02]} {[%emt 00:00:22]} Ke6 {[%clk 00:04:10]} {[%emt 00:00:05]} 69. Rd8
{[%clk 00:05:28]} {[%emt 00:00:04]} 1/2-1/2

[Event "DEM U12 2021"]
[Site "Willingen GER"]
[Date "2021.08.28"]
[Round "8"]
[White "Wieser, Rouven"]
[Black "Gärtner, Alessandro"]
[Result "0-1"]
[Termination "normal"]
[Board "13"]
[WhiteElo "1295"]
[BlackElo "1332"]
[WhiteClock "00:01:45"]
[BlackClock "00:02:08"]
[PlyCount "60"]
[WhiteFideId "34608761"]
[BlackFideId "16268024"]
[EventCountry "GER"]
[EventRounds "9"]
[EventType "swiss"]
[EventDate "2021.08.22"]

1. e4 {[%clk 01:30:48]} {[%emt 00:00:10]} c5 {[%clk 01:30:39]} {[%emt
00:00:22]} 2. Nf3 {[%clk 01:30:47]} {[%emt 00:00:31]} Nc6 {[%clk 01:30:56]}
{[%emt 00:00:12]} 3. Nc3 {[%clk 01:30:47]} {[%emt 00:00:31]} g6 {[%clk
01:30:37]} {[%emt 00:00:49]} 4. d4 {[%clk 01:28:41]} {[%emt 00:02:35]} cxd4
{[%clk 01:30:52]} {[%emt 00:00:15]} 5. Nxd4 {[%clk 01:28:55]} {[%emt 00:00:17]}
Bg7 {[%clk 01:30:59]} {[%emt 00:00:22]} 6. Be3 {[%clk 01:26:54]} {[%emt
00:02:32]} Nf6 {[%clk 01:28:11]} {[%emt 00:03:19]} 7. Bc4 {[%clk 01:23:17]}
{[%emt 00:04:06]} O-O {[%clk 01:25:28]} {[%emt 00:03:12]} 8. Bb3 {[%clk
01:21:29]} {[%emt 00:02:19]} Qa5 {[%clk 01:22:15]} {[%emt 00:03:43]} 9. f3
{[%clk 01:11:35]} {[%emt 00:10:24]} d6 {[%clk 01:16:14]} {[%emt 00:06:30]} 10.
Qd2 {[%clk 01:05:57]} {[%emt 00:06:09]} Bd7 {[%clk 01:09:28]} {[%emt 00:07:15]}
11. O-O-O {[%clk 00:56:45]} {[%emt 00:09:43]} Rfc8 {[%clk 00:59:29]} {[%emt
00:10:27]} 12. h4 {[%clk 00:44:19]} {[%emt 00:12:58]} Nxd4 {[%clk 00:55:03]}
{[%emt 00:04:56]} 13. Bxd4 {[%clk 00:42:34]} {[%emt 00:02:14]} h5 {[%clk
00:47:54]} {[%emt 00:07:37]} 14. Rhe1 {[%clk 00:30:02]} {[%emt 00:13:04]} Bc6
{[%clk 00:26:15]} {[%emt 00:22:09]} 15. Kb1 {[%clk 00:18:39]} {[%emt 00:11:53]}
Rd8 {[%clk 00:16:26]} {[%emt 00:10:19]} 16. Qe2 {[%clk 00:11:22]} {[%emt
00:07:48]} e6 {[%clk 00:09:21]} {[%emt 00:07:35]} 17. g4 {[%clk 00:09:39]}
{[%emt 00:02:13]} Rac8 {[%clk 00:06:20]} {[%emt 00:03:31]} 18. gxh5 {[%clk
00:06:25]} {[%emt 00:03:45]} Nxh5 {[%clk 00:05:27]} {[%emt 00:01:23]} 19. Bxg7
{[%clk 00:06:46]} {[%emt 00:00:08]} Kxg7 {[%clk 00:05:22]} {[%emt 00:00:35]}
20. Qe3 {[%clk 00:05:33]} {[%emt 00:01:43]} Qc5 {[%clk 00:05:02]} {[%emt
00:00:50]} 21. Qxc5 {[%clk 00:05:08]} {[%emt 00:00:56]} dxc5 {[%clk 00:05:31]}
22. Rxd8 {[%clk 00:04:56]} {[%emt 00:00:41]} Rxd8 {[%clk 00:05:57]} {[%emt
00:00:05]} 23. Kc1 {[%clk 00:04:41]} {[%emt 00:00:46]} b5 {[%clk 00:05:03]}
{[%emt 00:01:23]} 24. a4 {[%clk 00:04:29]} {[%emt 00:00:41]} a6 {[%clk
00:04:55]} {[%emt 00:00:39]} 25. Kb1 {[%clk 00:03:19]} {[%emt 00:01:40]} Nf4
{[%clk 00:04:19]} {[%emt 00:01:04]} 26. Rg1 {[%clk 00:03:03]} {[%emt 00:00:47]}
Rd4 {[%clk 00:02:49]} {[%emt 00:01:59]} 27. Rg4 {[%clk 00:02:59]} {[%emt
00:00:35]} e5 {[%clk 00:01:41]} {[%emt 00:01:39]} 28. axb5 {[%clk 00:01:57]}
{[%emt 00:01:32]} axb5 {[%clk 00:02:05]} {[%emt 00:00:04]} 29. Ka2 {[%clk
00:01:19]} {[%emt 00:01:09]} c4 {[%clk 00:02:18]} {[%emt 00:00:17]} 30. Bxc4
{[%clk 00:01:45]} {[%emt 00:00:04]} Rxc4 {[%clk 00:02:08]} {[%emt 00:00:41]}
0-1